Österreichische Autobahnen Quiz - Statistiken

Allgemein
  • Dieses Quiz wurde 166 mal gespielt
  • Das Durchschnittsergebnis liegt bei 10 aus 18
Antwortstatistiken
Nr. Autobahn % Korrekt
A 2 Süd Autobahn
93%
A 1 West Autobahn
92%
A 4 Ost Autobahn
82%
A 5 Nord Autobahn
78%
A 10 Tauern Autobahn
62%
A 13 Brenner Autobahn
60%
A 12 Inntal Autobahn
58%
A 3 Südost Autobahn
54%
A 9 Pyhrn Autobahn
53%
A 11 Karawanken Autobahn
47%
A 23 Autobahn Südosttangente Wien
46%
A 22 Donauufer Autobahn
45%
A 14 Rheintal Autobahn
45%
A 6 Nordost Autobahn
44%
A 8 Innkreis Autobahn
43%
A 7 Mühlkreis Autobahn
42%
A 25 Welser Autobahn
35%
A 21 Wiener Außenring Autobahn
31%
Keine übereinstimmenden Quizze gefunden
Verteilung der Resultate
Anzahl Personen mit jedem Resultat
Perzentil nach korrekt beantworteten Fragen
Ihre Resultats-Entwicklung
Sie haben dieses Quiz noch nicht gespielt